00825nam a2200253Ia 450000500170000000800410001702000150005804100080007308200140008110000310009524500930012625000220021926400280024130000330026933600270030233700330032933800280036265000480039065000370043865000240047565000190049965000180051804000350053620220316235300.0121119s1997 ck gr 000 0 spa  a95861460570 aspa04a520bP82G1 aPuerta Restrepo, Germán,10aGuía para viajeros del cielo bastronomía con binoculares cGermán Puerta Restrepo aPrimera edición 1aBogotábPlanetac1997 a225 páginasbilustraciones atextobtxt2rdacontent asin mediaciónbn2rdamedia avolumenbnc2rdacarrier142LEMBaAstronomíaxAparatos e instrumentos142LEMBaAstronomía xEnseñanza142LEMBaSistema solar142LEMBaPlanetas142LEMBaZodiaco aCO-BoRNBPbspaerdacCO-BoRNBP